000
00304nam a22001217a 4500
020
_a
0195794354
082
_a
330.95491
100
_a
Izzud-Din Pal
245
_a
Pakistan,Islam, and economics: failure of modernity
260
_a
New York
_b
Oxford university press
_c
1999
300
_a
195p
942
_c
BK
999
_c
3492
_d
3492